Civilazation en dialogues: niveau intermediare
Saved in:
| Hovedforfatter: | |
|---|---|
| Format: | Bog |
| Sprog: | engelsk |
| Udgivet: |
CLE International
2008
|
| Tags: |
Tilføj Tag
Ingen Tags, Vær først til at tagge denne postø!
|
MARC
| LEADER | 00000nam a22000007a 4500 | ||
|---|---|---|---|
| 008 | 231006b |||||||| |||| 00| 0 eng d | ||
| 022 | |a 9782090352153 | ||
| 100 | |a GRAND-CLEMENT, Odile | ||
| 245 | |a Civilazation en dialogues: |b niveau intermediare |c / Odile Grand-Clement |g 126p.: ill; | ||
| 260 | |b CLE International |c 2008 |h Paris |i 674026 |l PC2112.G761 |m France |m Civilization - Study and teaching |m French language |m French language - Grammar |m French language - Study and teaching | ||
| 500 | |a "It includes audio CD" | ||
| 942 | |a lcc |c BK |e A.R.Akinniyi |f 6:10:2023 | ||
| 952 | |0 0 |1 0 |2 lcc |4 0 |6 PC2112 G761 |7 0 |9 4550 |a HOL |b HOL |c LP |d 2023-10-06 |l 0 |o PC2112.G761 |p 2023-0470 |r 2023-10-06 00:00:00 |t 674026 |w 2023-10-06 |y BK | ||
| 999 | |c 2281 |d 2281 | ||